[Event "World Blitz Women 2017"]
[Site "Riyadh KSA"]
[Date "2017.12.29"]
[Round "4.12"]
[White "Krush, Irina"]
[Black "Gu, Xiaobing"]
[Result "1-0"]
[WhiteTitle "GM"]
[BlackTitle "WGM"]
[WhiteElo "2431"]
[BlackElo "2332"]
[WhiteFideId "2012782"]
[BlackFideId "8602611"]
[EventDate "2017.12.29"]

1. c4 Nf6 2. Nc3 g6 3. e4 d6 4. d4 Bg7 5. Be2 O-O 6. Nf3 e5 7. O-O exd4 8. Nxd4
Re8 9. f3 Nc6 10. Be3 Nh5 11. Qd2 Nxd4 12. Bxd4 Nf4 13. Bxg7 Nxe2+ 14. Nxe2 Kxg7
15. Nc3 Be6 16. Nd5 Bxd5 17. cxd5 Qf6 18. Rac1 Re7 19. Rc4 Qe5 20. Rfc1 Rc8 21.
b4 b6 22. b5 Kg8 23. Qc3 Qg5 24. Qd3 Qe5 25. Qd4 Qg5 26. R1c2 f5 27. Qd3 fxe4
28. Rxe4 Rce8 29. Rxc7 Rxc7 30. Rxe8+ Kf7 31. Re1 Rc1 32. Rxc1 Qxc1+ 33. Kf2
Qb2+ 34. Kg3 Qxa2 35. Qe4 Qd2 36. Qf4+ Qxf4+ 37. Kxf4 Kf6 38. h4 h6 39. g4 Ke7
40. Ke4 Kd7 41. f4 Ke7 42. g5 h5 43. f5 Kf7 44. fxg6+ Kxg6 45. Kf4 Kg7 46. Kf5
Kf7 47. g6+ Ke7 48. Kg5 1-0

[Event "World Blitz Women 2017"]
[Site "Riyadh KSA"]
[Date "2017.12.29"]
[Round "4.13"]
[White "Abdumalik, Zhansaya"]
[Black "Cramling, Pia"]
[Result "1/2-1/2"]
[WhiteTitle "IM"]
[BlackTitle "GM"]
[WhiteElo "2449"]
[BlackElo "2450"]
[WhiteFideId "13703544"]
[BlackFideId "1700030"]
[EventDate "2017.12.29"]

1. e4 c5 2. Nf3 e6 3. d4 cxd4 4. Nxd4 Nc6 5. Nc3 Qc7 6. Be3 a6 7. Qf3 d6 8.
O-O-O Bd7 9. Kb1 Rc8 10. Qg3 Nf6 11. Bd3 b5 12. Nxc6 Bxc6 13. f3 Nh5 14. Qf2 Be7
15. g4 Nf6 16. h4 Nd7 17. g5 Ne5 18. h5 b4 19. Ne2 Ba4 20. Rc1 O-O 21. Nd4 Rfe8
22. g6 Bf6 23. gxf7+ Qxf7 24. h6 g6 25. Rhg1 a5 26. f4 Nxd3 27. cxd3 Kh8 28. Nf3
Qb7 29. e5 dxe5 30. Nxe5 Bb5 31. Bd4 Rxc1+ 32. Rxc1 Kg8 33. Qe3 Qd5 34. b3 Rd8
35. Bb2 Bxe5 36. Qxe5 Bxd3+ 37. Ka1 Qxe5 38. Bxe5 Rd7 39. Rc8+ Kf7 40. Rh8 g5
41. fxg5 Bg6 42. Kb2 Rd5 43. Bf6 Rc5 44. a4 Rc2+ 45. Ka1 Rc1+ 46. Kb2 Rc2+ 47.
Ka1 1/2-1/2

[Event "World Blitz Women 2017"]
[Site "Riyadh KSA"]
[Date "2017.12.29"]
[Round "4.14"]
[White "Padmini, Rout"]
[Black "Khotenashvili, Bela"]
[Result "0-1"]
[WhiteTitle "IM"]
[BlackTitle "GM"]
[WhiteElo "2324"]
[BlackElo "2476"]
[WhiteFideId "5029295"]
[BlackFideId "13602640"]
[EventDate "2017.12.29"]

1. e4 c6 2. d4 d5 3. e5 Bf5 4. Nf3 e6 5. Be2 Nd7 6. O-O h5 7. b3 Be7 8. c4 g5 9.
Nc3 a6 10. Be3 h4 11. Nd2 Nh6 12. a4 b6 13. Ra2 Bg6 14. Bh5 Rg8 15. Bxg6 Rxg6
16. Qh5 Nf5 17. Qg4 Kf8 18. h3 Kg7 19. Qe2 Qc7 20. Nf3 g4 21. hxg4 Rxg4 22. Nh2
Rg6 23. Qf3 Qb7 24. Ne2 Bg5 25. Bxg5 Rxg5 26. Qf4 Rg6 27. Kh1 Rg8 28. Rg1 Kf8
29. cxd5 cxd5 30. Rc2 Ke7 31. Nc1 Rc8 32. Rxc8 Qxc8 33. Nf3 Qc2 34. Kh2 Nb8 35.
Rf1 Nc6 36. Kh3 Qe4 37. Qd2 Nfxd4 38. Nxd4 Nxd4 39. f3 Qf5+ 40. Kh2 Qxe5+ 41.
Kg1 Nf5 42. Re1 Qd4+ 43. Qxd4 Nxd4 44. Nd3 Nxf3+ 0-1

[Event "World Blitz Women 2017"]
[Site "Riyadh KSA"]
[Date "2017.12.29"]
[Round "4.15"]
[White "Cori T., Deysi"]
[Black "Guo, Qi"]
[Result "1-0"]
[WhiteTitle "WGM"]
[BlackTitle "IM"]
[WhiteElo "2389"]
[BlackElo "2396"]
[WhiteFideId "3801934"]
[BlackFideId "8604002"]
[EventDate "2017.12.29"]

1. d4 Nf6 2. Nf3 d5 3. c4 e6 4. Nc3 Bb4 5. Bg5 h6 6. Bxf6 Qxf6 7. e3 O-O 8. a3
Bxc3+ 9. bxc3 c5 10. Be2 Nc6 11. O-O Rd8 12. Qc2 b6 13. Rab1 Qe7 14. Rfd1 dxc4
15. Bxc4 Bb7 16. Qe2 Rac8 17. h3 cxd4 18. cxd4 Qxa3 19. d5 exd5 20. Bxd5 Qe7 21.
e4 Na5 22. Bxb7 Nxb7 23. Nd4 Nc5 24. Nf5 Qe5 25. Qg4 Kh8 26. f4 Qf6 27. e5 Qg6
28. Qxg6 fxg6 29. Nd6 Rc7 30. Nf7+ Rxf7 31. Rxd8+ Kh7 32. g3 g5 33. Rf1 gxf4 34.
gxf4 Ne6 35. Rd6 Nxf4 36. Kh2 g5 37. e6 Re7 38. Rd7 Rxd7 39. exd7 Ne6 40. Re1
Nd8 41. Re8 1-0

[Event "World Blitz Women 2017"]
[Site "Riyadh KSA"]
[Date "2017.12.29"]
[Round "4.16"]
[White "Batsiashvili, Nino"]
[Black "Zhukova, Natalia"]
[Result "1-0"]
[WhiteTitle "IM"]
[BlackTitle "GM"]
[WhiteElo "2502"]
[BlackElo "2444"]
[WhiteFideId "13602993"]
[BlackFideId "14101513"]
[EventDate "2017.12.29"]

1. d4 Nf6 2. Bf4 e6 3. e3 b6 4. Nf3 Be7 5. c4 Bb7 6. Nc3 Nh5 7. Bd3 Nxf4 8. exf4
O-O 9. Qe2 c5 10. d5 b5 11. Nxb5 exd5 12. cxd5 Bxd5 13. Bxh7+ Kxh7 14. Qd3+ Kg8
15. Qxd5 Nc6 16. O-O Rb8 17. Nd6 Rxb2 18. Nf5 Bf6 19. Rad1 Nb4 20. Qxc5 Nxa2 21.
Ne5 Bxe5 22. Qxe5 Rb6 23. Qxg7# 1-0

[Event "World Blitz Women 2017"]
[Site "Riyadh KSA"]
[Date "2017.12.29"]
[Round "4.17"]
[White "Hoang, Thi Bao Tram"]
[Black "Saduakassova, Dinara"]
[Result "0-1"]
[WhiteTitle "WGM"]
[BlackTitle "IM"]
[WhiteElo "2410"]
[BlackElo "2460"]
[WhiteFideId "12401102"]
[BlackFideId "13700090"]
[EventDate "2017.12.29"]

1. d4 Nf6 2. Nf3 b6 3. Bg5 Bb7 4. Nbd2 g6 5. c3 Bg7 6. e3 d6 7. Be2 Nbd7 8. O-O
O-O 9. a4 a5 10. Re1 e5 11. dxe5 dxe5 12. Qc2 h6 13. Bh4 Qe7 14. e4 Nc5 15. Bc4
Rad8 16. Re2 g5 17. Bg3 Nh5 18. Nf1 Nf4 19. Rd2 Nxe4 20. Rxd8 Rxd8 21. Ne3 Nd6
22. Bf1 Be4 23. Qb3 h5 24. Rd1 Nh3+ 25. gxh3 Bxf3 26. Re1 h4 27. Bg2 Bxg2 28.
Nxg2 hxg3 29. hxg3 Qe6 30. Qxe6 fxe6 31. Ne3 Kf7 32. Kg2 e4 33. Re2 Nb7 34. b4
Bxc3 35. bxa5 Nxa5 36. Rc2 Be5 37. Ng4 Bd6 38. Re2 c5 39. Rxe4 c4 40. Ne3 Rc8
41. Nc2 c3 42. h4 gxh4 43. Rxh4 Rc4 44. Rh7+ Kg6 45. Rd7 Be5 46. f4 Rxa4 47. Kf3
Bf6 48. Rd6 Ra2 49. Nb4 Rb2 50. Nd3 c2 51. Ke4 Rb4+ 52. Ke3 Nc4+ 0-1

[Event "World Blitz Women 2017"]
[Site "Riyadh KSA"]
[Date "2017.12.29"]
[Round "4.18"]
[White "Mamedjarova, Zeinab"]
[Black "Mammadzada, Gunay"]
[Result "0-1"]
[WhiteTitle "WGM"]
[BlackTitle "WGM"]
[WhiteElo "2363"]
[BlackElo "2333"]
[WhiteFideId "13401521"]
[BlackFideId "13403729"]
[EventDate "2017.12.29"]

1. d4 Nf6 2. Nf3 e6 3. e3 c5 4. Bd3 b6 5. Nbd2 Bb7 6. O-O Be7 7. b3 Nc6 8. a3
O-O 9. Bb2 d6 10. c4 Rc8 11. Qe2 Re8 12. Rfd1 Bf8 13. Rac1 Qc7 14. Bb1 e5 15.
dxc5 dxc5 16. Nf1 g6 17. Ng3 Bg7 18. Nd2 Nd8 19. Nde4 Nxe4 20. Nxe4 Bxe4 21.
Bxe4 Nc6 22. Rd2 Na5 23. Bc2 e4 24. Bxg7 Kxg7 25. Rcd1 Re7 26. Rd5 Rce8 27. Qd2
Nc6 28. Rd6 Re6 29. Rd7 Qe5 30. b4 cxb4 31. axb4 Qb2 32. b5 Ne5 33. Rxa7 Nxc4
34. Qd4+ Qxd4 35. Rxd4 Na5 36. Rdd7 Rf8 37. h4 Re5 38. Kh2 Kg8 39. Kg3 Nc4 40.
Bb3 Rc5 41. Re7 Nd6 42. Red7 Nf5+ 43. Kh3 Nh6 44. g4 g5 45. Rab7 Rxb5 46. Bc2
gxh4 47. Bxe4 Kh8 48. Rd6 Ng8 49. Rdxb6 Rxb6 50. Rxb6 Re8 51. Bf5 Ne7 52. Be4
Ng6 53. Bd5 Re7 54. Rb3 Rd7 55. Be4 Kg7 56. f4 Re7 57. Bg2 Rc7 58. f5 Ne5 59.
Kxh4 Rc2 60. Bh3 h6 61. Rb5 Kf6 62. Rb6+ Kg7 63. Rb3 Rc4 64. Kg3 Kf6 65. Rb6+
Kg5 66. Rb8 Re4 67. Rg8+ Kf6 68. Kf2 Rc4 69. Rh8 Kg7 70. Re8 Nxg4+ 71. Kf3 Nf6
72. Rd8 Rh4 73. Bf1 Rb4 74. Rd2 h5 75. Rg2+ Kh6 76. Bd3 Nd7 77. Be4 Nf6 78. Bc2
h4 79. e4 Nd7 80. Kf4 f6 81. Rg4 Rb2 82. Rxh4+ Kg7 83. Bd1 Ne5 84. Rh3 Rd2 85.
Rg3+ Kf8 86. Bh5 0-1

[Event "World Blitz Women 2017"]
[Site "Riyadh KSA"]
[Date "2017.12.29"]
[Round "4.19"]
[White "Gevorgyan, Maria"]
[Black "Socko, Monika"]
[Result "1-0"]
[WhiteTitle "WIM"]
[BlackTitle "GM"]
[WhiteElo "2275"]
[BlackElo "2471"]
[WhiteFideId "13300270"]
[BlackFideId "1106619"]
[EventDate "2017.12.29"]

1. e4 e6 2. d4 d5 3. Nc3 Bb4 4. e5 Ne7 5. a3 Bxc3+ 6. bxc3 c5 7. Nf3 b6 8. Bb5+
Bd7 9. Bd3 Ba4 10. h4 Qc7 11. Bd2 Nbc6 12. Rh3 Na5 13. Rg3 g6 14. Rb1 Rc8 15.
Kf1 Nf5 16. Bxf5 gxf5 17. Bh6 cxd4 18. Nxd4 Nc4 19. Rb4 Qd7 20. Bg7 Rg8 21. Qh5
a5 22. Rb1 Nd2+ 23. Kg1 Nxb1 24. Qxh7 Rxg7 25. Qh8+ Ke7 26. Qxg7 Rf8 27. h5 Nd2
28. h6 Ne4 29. Rh3 Qe8 30. h7 Rh8 31. f3 Nxc3 32. Qf6+ Kd7 33. Nxf5 exf5 34. e6+
fxe6 35. Qg7+ Kd6 36. Qxc3 Bd7 37. f4 Ke7 38. Qg7+ Kd6 39. Qe5+ Kc6 40. Rc3+ Kb7
41. Rc7+ Ka8 42. Qg7 Qf8 43. Qxd7 Qb8 44. Qc6+ 1-0

[Event "World Blitz Women 2017"]
[Site "Riyadh KSA"]
[Date "2017.12.29"]
[Round "4.20"]
[White "Ju, Wenjun"]
[Black "Melia, Salome"]
[Result "1-0"]
[WhiteTitle "GM"]
[BlackTitle "IM"]
[WhiteElo "2567"]
[BlackElo "2404"]
[WhiteFideId "8603006"]
[BlackFideId "13602446"]
[EventDate "2017.12.29"]

1. f4 b6 2. e4 Bb7 3. Nc3 c5 4. Nf3 e6 5. d4 cxd4 6. Nxd4 Bb4 7. Bd3 Nf6 8. Qe2
d5 9. e5 Ne4 10. Bxe4 Bxc3+ 11. bxc3 dxe4 12. Ba3 Qd7 13. Rd1 Qa4 14. Nb5 Bd5
15. c4 a6 16. Nc7+ Kd8 17. Nxa8 Qxa3 18. cxd5 Qa5+ 19. Qd2 Qxd2+ 20. Rxd2 exd5
21. Nxb6 1-0

[Event "World Blitz Women 2017"]
[Site "Riyadh KSA"]
[Date "2017.12.29"]
[Round "4.21"]
[White "Harika, Dronavalli"]
[Black "Szczepkowska, Karina"]
[Result "1-0"]
[WhiteTitle "GM"]
[BlackTitle "IM"]
[WhiteElo "2504"]
[BlackElo "2419"]
[WhiteFideId "5015197"]
[BlackFideId "1122681"]
[EventDate "2017.12.29"]

1. Nf3 Nf6 2. g3 e6 3. Bg2 Be7 4. O-O c5 5. b3 O-O 6. Bb2 Nc6 7. e3 b6 8. Qe2
Bb7 9. c4 Nb4 10. Nc3 d5 11. a3 Nc6 12. d3 Na5 13. Qc2 Rb8 14. Rab1 Nc6 15. Rfd1
d4 16. exd4 Nxd4 17. Nxd4 cxd4 18. Ne2 Bxg2 19. Kxg2 e5 20. Ng1 Qd7 21. Qe2 Bd6
22. b4 Rfe8 23. Nf3 a5 24. Bc1 axb4 25. axb4 Qa4 26. Bg5 Nd7 27. Bd2 Ra8 28. Ng5
Qc6+ 29. Kg1 h6 30. Qe4 Qxe4 31. Nxe4 Bf8 32. f3 f5 33. Nf2 Ra3 34. Rdc1 Rea8
35. Kf1 Kf7 36. Rc2 Ke6 37. Ke2 Ra2 38. Rbb2 Ra1 39. Rc1 Rxc1 40. Bxc1 Ra4 41.
Bd2 Nb8 42. c5 bxc5 43. bxc5 Nc6 44. Rb6 Kd5 45. Rb7 Kxc5 46. Rf7 Bd6 47. Rxf5
Bc7 48. Ne4+ Kb6 49. Rf7 Ra2 50. Rxg7 Na5 51. Rg6+ Kb5 52. Rg7 Bb6 53. Re7 Nb3
54. Rxe5+ Kc6 55. Re6+ Kc7 56. Kd1 Nxd2 57. Nxd2 Ba5 58. Nc4 Bc3 59. Rxh6 Ra1+
60. Kc2 Ra2+ 61. Kb3 Rf2 62. f4 Rf3 63. Ne5 Rf2 64. Kc4 1-0

[Event "World Blitz Women 2017"]
[Site "Riyadh KSA"]
[Date "2017.12.29"]
[Round "4.22"]
[White "Stefanova, Antoaneta"]
[Black "Vijayalakshmi, Subbaraman"]
[Result "1-0"]
[WhiteTitle "GM"]
[BlackTitle "IM"]
[WhiteElo "2500"]
[BlackElo "2357"]
[WhiteFideId "2902257"]
[BlackFideId "5004098"]
[EventDate "2017.12.29"]

1. Nf3 Nf6 2. g3 g6 3. Bg2 Bg7 4. O-O O-O 5. d4 d5 6. Nbd2 c6 7. b3 a5 8. a4 Na6
9. Bb2 Bf5 10. Nh4 Be6 11. Re1 Qd7 12. Nhf3 Bh3 13. Bh1 Rad8 14. c4 Ng4 15. Ng5
Nf6 16. Nxh3 Qxh3 17. Bg2 Qc8 18. Bc3 Nb4 19. e3 Qe6 20. Bxb4 axb4 21. Rc1 Qd6
22. f4 Nd7 23. Qe2 Rfe8 24. Nf3 f6 25. Qd2 b6 26. cxd5 cxd5 27. Rc2 e5 28. Rec1
Nb8 29. Rc7 e4 30. Ne1 Rd7 31. Rxd7 Nxd7 32. Qc2 f5 33. Qc7 Qxc7 34. Rxc7 Nf6
35. Nc2 Bf8 36. Bf1 Rd8 37. Bb5 Bd6 38. Rc6 Be7 39. Rxb6 Rc8 40. Rc6 Rxc6 41.
Bxc6 Bd8 42. Nxb4 Kf7 43. Nxd5 Ba5 44. b4 Nxd5 45. Bxd5+ 1-0

[Event "World Blitz Women 2017"]
[Site "Riyadh KSA"]
[Date "2017.12.29"]
[Round "4.24"]
[White "Ding, Yixin"]
[Black "Charkhalashvili, Inga"]
[Result "1-0"]
[WhiteTitle "WGM"]
[BlackTitle "WGM"]
[WhiteElo "2424"]
[BlackElo "2355"]
[WhiteFideId "8602972"]
[BlackFideId "13601431"]
[EventDate "2017.12.29"]

1. e4 c6 2. d4 d5 3. Nc3 dxe4 4. Nxe4 Bf5 5. Qf3 e6 6. Ne2 Nd7 7. N2g3 Bg6 8.
Bd3 Ngf6 9. O-O Be7 10. Be3 O-O 11. Rad1 Nxe4 12. Nxe4 Nf6 13. Nxf6+ Bxf6 14.
Bxg6 hxg6 15. c3 Qd5 16. Qxd5 cxd5 17. f3 Rfc8 18. Kf2 b5 19. Ke2 a5 20. Kd3 Be7
21. Rc1 Rc6 22. f4 Bd6 23. h4 f5 24. g4 Kf7 25. Rh1 Rh8 26. h5 gxh5 27. gxh5 Rh6
28. Rcg1 Be7 29. Rg2 Rc8 30. b3 Rch8 31. Rgh2 Kf8 32. c4 dxc4+ 33. bxc4 bxc4+
34. Kxc4 g6 35. Rb1 gxh5 36. d5 exd5+ 37. Kxd5 Kf7 38. Rb7 Rd8+ 39. Kc4 Rc8+ 40.
Kb5 h4 41. Kxa5 Rc3 42. Rb3 Bd8+ 43. Kb5 Rc8 44. Rd3 Rb8+ 45. Kc4 Be7 46. Rd7
Rc6+ 47. Kd3 Ke6 48. Rd4 Rbc8 49. Bd2 Bf6 50. Re2+ Kf7 51. Rd7+ Kg6 52. Rg2+ Kh6
53. Be1 R6c7 54. Rd6 Rc6 55. Rd5 Re6 56. Bf2 h3 57. Rh2 Rc3+ 58. Kd2 Rf3 59.
Rxf5 Be7 60. Rb5 Rxf4 61. Be3 Rxe3 62. Kxe3 Bg5 63. Kd3 Rf3+ 64. Kc4 Ra3 65. Rb3
Ra4+ 66. Kb5 Ra8 67. Rbxh3+ Kg6 68. Rg2 Rb8+ 69. Kc6 Rc8+ 70. Kb7 Rc4 71. Rhg3
Rc5 72. a4 Kf6 73. Rxg5 1-0

[Event "World Blitz Women 2017"]
[Site "Riyadh KSA"]
[Date "2017.12.29"]
[Round "4.25"]
[White "Bivol, Alina"]
[Black "Skripchenko, Almira"]
[Result "0-1"]
[WhiteTitle "WGM"]
[BlackTitle "IM"]
[WhiteElo "2356"]
[BlackElo "2403"]
[WhiteFideId "4100123"]
[BlackFideId "13900145"]
[EventDate "2017.12.29"]

1. Nf3 d6 2. g3 g6 3. Bg2 Bg7 4. d4 Nd7 5. O-O e5 6. e4 Ne7 7. Re1 O-O 8. Nc3 a6
9. a4 Nc6 10. dxe5 Ndxe5 11. Nxe5 dxe5 12. Be3 Nd4 13. a5 h5 14. Nd5 Bg4 15. f3
Be6 16. c3 Nb5 17. Qe2 h4 18. Red1 Bxd5 19. exd5 hxg3 20. hxg3 Re8 21. Qf2 Nd6
22. b3 e4 23. Bd4 exf3 24. Bxf3 Qg5 25. Bxg7 Kxg7 26. Qd4+ Kg8 27. Qf2 Nf5 28.
g4 Ne3 29. Rd4 Nf5 30. Rdd1 Re3 31. Kf1 Nh4 32. Be2 Rae8 33. Re1 R8e4 34. Ra4
Rxa4 35. bxa4 Rxc3 36. d6 cxd6 37. Rd1 Rc1 38. Rxc1 Qxc1+ 39. Qe1 Qf4+ 40. Qf2
Qg5 41. Qd4 Qxa5 42. Qxd6 g5 43. Qb8+ Kg7 44. Qxb7 Qxa4 45. Qd5 Qa1+ 46. Kf2
Qf6+ 47. Kg1 Ng6 48. Bc4 Nf4 49. Qb7 a5 50. Qa7 a4 51. Qxa4 Qd4+ 52. Kf1 Nh3 53.
Qc2 Nf4 54. Bb3 Qe3 55. Qc4 Qf3+ 56. Ke1 Ne6 57. Bc2 Qf4 58. Qc3+ Qf6 59. Qxf6+
Kxf6 60. Kf2 Ke5 61. Kg3 Kd4 62. Bb3 Ke3 63. Bd5 Kd4 64. Bb3 Ke5 65. Ba2 f6 66.
Bb3 Nd4 67. Bc4 Ke4 68. Ba6 Ke3 69. Bb7 Ne2+ 70. Kh3 Kf4 71. Bc8 Ng1+ 72. Kg2
Nf3 73. Bf5 Ne5 74. Bc8 Nxg4 75. Kh3 Ne5 76. Kg2 g4 77. Kf2 f5 78. Kg2 Kg5 79.
Bb7 f4 80. Kf2 Kh4 81. Kg2 0-1

[Event "World Blitz Women 2017"]
[Site "Riyadh KSA"]
[Date "2017.12.29"]
[Round "4.26"]
[White "Mammadova, Gulnar"]
[Black "Michna, Marta"]
[Result "1/2-1/2"]
[WhiteTitle "IM"]
[BlackTitle "WGM"]
[WhiteElo "2357"]
[BlackElo "2377"]
[WhiteFideId "13403508"]
[BlackFideId "1106686"]
[EventDate "2017.12.29"]

1. e4 e6 2. d4 d5 3. Nc3 Bb4 4. e5 Ne7 5. a3 Bxc3+ 6. bxc3 b6 7. Nf3 Ba6 8. Bxa6
Nxa6 9. a4 Nb8 10. Ba3 Nbc6 11. O-O Na5 12. Nd2 Qd7 13. Qf3 Rc8 14. Bb4 Nec6 15.
Qd3 Nb7 16. f4 g6 17. Kh1 h5 18. Ba3 Nba5 19. Bb4 Nb7 20. Nb3 a5 21. Ba3 Ne7 22.
Nd2 O-O 23. g4 hxg4 24. Rg1 Kg7 25. Rxg4 Rh8 26. Bxe7 Qxe7 27. Rb1 Rh5 28. Nf3
Rch8 29. Kg2 Nd8 30. c4 dxc4 31. Qxc4 Qd7 32. c3 Rh3 33. Rg3 R3h5 34. Rd1 Rf5
35. d5 exd5 36. Rxd5 Qc6 37. Qxc6 Nxc6 38. Rg4 Rd8 39. Rxd8 Nxd8 40. Nd4 Rh5 41.
f5 Kf8 42. fxg6 fxg6 43. e6 c5 44. Rf4+ Ke8 45. Nf3 Nxe6 46. Re4 Kd7 47. Ne5+
Kd6 48. Nf7+ Kd5 49. Re1 Nf4+ 50. Kf3 Nd3 51. Rd1 Kc4 52. Nd6+ Kxc3 53. Rb1 Rd5
54. Ne4+ Kd4 55. Nd2 Ne5+ 56. Ke2 Nc4 57. Nf3+ Kc3 58. Rc1+ Kb3 59. Rb1+ Nb2 60.
Rg1 Nxa4 61. Rxg6 b5 62. h4 Nc3+ 63. Ke3 a4 64. Nd2+ Kc2 65. Rg2 Nd1+ 66. Ke4
Rxd2 67. Rg5 c4 68. Rxb5 a3 69. h5 Rh2 70. Ra5 Kb3 71. Rb5+ Ka4 72. Rb8 a2 73.
Ra8+ Kb3 74. Kd4 Nb2 75. Rb8+ Kc2 76. Ra8 Kb1 1/2-1/2

[Event "World Blitz Women 2017"]
[Site "Riyadh KSA"]
[Date "2017.12.29"]
[Round "4.28"]
[White "Sedina, Elena"]
[Black "Zatonskih, Anna"]
[Result "1/2-1/2"]
[WhiteTitle "IM"]
[BlackTitle "IM"]
[WhiteElo "2312"]
[BlackElo "2452"]
[WhiteFideId "812153"]
[BlackFideId "14101572"]
[EventDate "2017.12.29"]

1. e4 e5 2. Nf3 Nf6 3. Nc3 Bb4 4. Nxe5 O-O 5. Be2 Re8 6. Nd3 Bxc3 7. dxc3 Nxe4
8. O-O d6 9. f3 Nf6 10. Bg5 Nbd7 11. Nf2 h6 12. Bh4 d5 13. c4 c6 14. cxd5 cxd5
15. Bb5 a6 16. Ba4 b5 17. Bb3 Bb7 18. Qd4 Qc7 19. Bg3 Qb6 20. Rad1 Rac8 21. c3
Qe6 22. Nd3 Qe2 23. Rf2 Qe3 24. Qxe3 Rxe3 25. Bf4 Re6 26. Nb4 Nb6 27. Bc2 Rce8
28. Nd3 Nc4 29. Nc5 R6e7 30. Nxb7 Rxb7 31. Bc1 Ne3 32. Bxe3 Rxe3 33. Rd3 Re1+
34. Rf1 Re2 35. Rf2 Rbe7 36. Rd2 Re1+ 37. Rf1 R1e2 38. Rf2 Re1+ 39. Rf1 R1e2 1/2-1/2

[Event "World Blitz Women 2017"]
[Site "Riyadh KSA"]
[Date "2017.12.29"]
[Round "4.29"]
[White "Doluhanova, Evgeniya"]
[Black "Kulon, Klaudia"]
[Result "0-1"]
[WhiteTitle "WGM"]
[BlackTitle "WGM"]
[WhiteElo "2352"]
[BlackElo "2370"]
[WhiteFideId "14112035"]
[BlackFideId "1131044"]
[EventDate "2017.12.29"]

1. e4 e5 2. Nf3 Nc6 3. Nc3 Nf6 4. d4 exd4 5. Nxd4 Bb4 6. Nxc6 bxc6 7. Bd3 d5 8.
exd5 cxd5 9. O-O O-O 10. h3 h6 11. Qf3 c6 12. Bf4 Bd6 13. Rad1 Be6 14. Rfe1 Rb8
15. b3 Re8 16. Ne2 Bxf4 17. Nxf4 Bd7 18. c4 Qa5 19. Rxe8+ Rxe8 20. cxd5 cxd5 21.
a4 Kh8 22. Kh2 Qc7 23. g3 Qb6 24. Bc2 Bc6 25. Rd2 Ne4 26. Re2 Qc5 27. Nd3 Qd6
28. Qxf7 Rf8 29. Qxa7 Rxf2+ 30. Rxf2 Qxg3+ 31. Kh1 Nxf2+ 32. Nxf2 d4+ 33. Be4
Bxe4+ 34. Nxe4 Qxh3+ 35. Kg1 Qg4+ 36. Kf2 Qxe4 37. Qb8+ Kh7 38. a5 d3 39. Qd6
Qe2+ 40. Kg3 d2 41. a6 d1=Q 0-1

[Event "World Blitz Women 2017"]
[Site "Riyadh KSA"]
[Date "2017.12.29"]
[Round "4.30"]
[White "Bulmaga, Irina"]
[Black "Berend, Elvira"]
[Result "1-0"]
[WhiteTitle "IM"]
[BlackTitle "WGM"]
[WhiteElo "2427"]
[BlackElo "2303"]
[WhiteFideId "13903063"]
[BlackFideId "4000510"]
[EventDate "2017.12.29"]

1. e4 e5 2. Nf3 Nc6 3. Bc4 Bc5 4. O-O Nf6 5. d3 d6 6. a4 a6 7. c3 Ba7 8. Nbd2
O-O 9. h3 Be6 10. Re1 h6 11. Nf1 Bxc4 12. dxc4 Ne7 13. Nh4 Ng6 14. Nf5 Kh7 15.
Qf3 Ng8 16. N1g3 Nh4 17. Qg4 Nxf5 18. Nxf5 Qf6 19. Qg3 g6 20. Ne3 Bxe3 21. Bxe3
Qe6 22. b3 f5 23. f4 exf4 24. Bxf4 fxe4 25. Rad1 Nf6 26. Qe3 g5 27. Bh2 Rae8 28.
a5 Nd7 29. Rd4 Nc5 30. b4 Nd3 31. Rxe4 Qxe4 32. Qxe4+ Rxe4 33. Rxe4 Nb2 34. Re7+
Kg6 35. Rxc7 Rf6 36. Rxb7 Nxc4 37. Bg3 Re6 38. Bf2 Kf5 39. Ra7 d5 40. Rd7 Ke4
41. Rd8 Rc6 42. Re8+ Kd3 43. Bd4 Kc2 44. Kf2 Kb3 45. Rb8 Ka4 46. Rd8 Nd6 47. Ke3
Kb5 48. Kd3 Ka4 49. Rf8 Nc4 50. Rf6 Rxf6 51. Bxf6 Kb5 52. Bg7 h5 53. g4 hxg4 54.
hxg4 Kc6 55. Bf6 Kd6 56. Kd4 Nd2 57. Kd3 Ne4 58. Bd4 Ke6 59. Be3 Nf6 60. b5 Kd6
61. bxa6 Kc7 62. a7 Kb7 63. a6+ Ka8 64. Bxg5 Nxg4 65. Kd4 Nf2 66. Kxd5 Kxa7 67.
Be3+ Kxa6 68. Bxf2 1-0

[Event "World Blitz Women 2017"]
[Site "Riyadh KSA"]
[Date "2017.12.29"]
[Round "4.31"]
[White "Ushenina, Anna"]
[Black "Zawadzka, Jolanta"]
[Result "1/2-1/2"]
[WhiteTitle "GM"]
[BlackTitle "WGM"]
[WhiteElo "2416"]
[BlackElo "2424"]
[WhiteFideId "14110911"]
[BlackFideId "1122320"]
[EventDate "2017.12.29"]

1. d4 d5 2. Nf3 Nf6 3. Bf4 c5 4. e3 e6 5. Nbd2 cxd4 6. exd4 Nc6 7. c3 Bd6 8. Bg5
h6 9. Bh4 O-O 10. Bd3 Re8 11. O-O b6 12. Re1 e5 13. dxe5 Nxe5 14. Nxe5 Rxe5 15.
Qf3 Qe7 16. Rxe5 Qxe5 17. Bg3 Qe7 18. Bxd6 Qxd6 19. Re1 Bg4 20. Qg3 Qd7 21. Nb3
Re8 22. f3 Rxe1+ 23. Qxe1 Bf5 24. Qe3 Bxd3 25. Qxd3 Qe6 26. Kf2 Qe5 27. g3 h5
28. Qe2 Qf5 29. Nd4 Qb1 30. a3 Qh1 31. Ke3 Qg1+ 32. Kd2 Qb1 33. Ke3 Qg1+ 34. Kd2
Qb1 35. Ke3 Qg1+ 1/2-1/2

[Event "World Blitz Women 2017"]
[Site "Riyadh KSA"]
[Date "2017.12.29"]
[Round "4.32"]
[White "Rapport, Jovana"]
[Black "Danielian, Elina"]
[Result "1-0"]
[WhiteTitle "WGM"]
[BlackTitle "GM"]
[WhiteElo "2299"]
[BlackElo "2413"]
[WhiteFideId "937266"]
[BlackFideId "13300210"]
[EventDate "2017.12.29"]

1. d4 Nf6 2. Nc3 d5 3. Bf4 a6 4. e3 Bf5 5. f3 h6 6. g4 Bh7 7. Bd3 Bxd3 8. cxd3
e6 9. Qb3 b6 10. h4 Nbd7 11. Nge2 c5 12. O-O-O b5 13. g5 Nh5 14. Rhg1 c4 15. Qc2
Nxf4 16. Nxf4 g6 17. e4 Bd6 18. Qd2 Qc7 19. e5 Bf8 20. Kb1 hxg5 21. hxg5 Be7 22.
dxc4 bxc4 23. Qc2 O-O-O 24. Ncxd5 exd5 25. Nxd5 Qb6 26. Nxb6+ 1-0

[Event "World Blitz Women 2017"]
[Site "Riyadh KSA"]
[Date "2017.12.29"]
[Round "4.33"]
[White "Nguyen, Thi Mai Hung"]
[Black "Hoolt, Sarah"]
[Result "0-1"]
[WhiteTitle "WGM"]
[BlackTitle "WGM"]
[WhiteElo "2321"]
[BlackElo "2405"]
[WhiteFideId "12401676"]
[BlackFideId "24606812"]
[EventDate "2017.12.29"]

1. d4 Nf6 2. Nf3 e6 3. Bf4 d6 4. e3 Nbd7 5. h3 c5 6. c3 Qb6 7. Qb3 Qc7 8. Nbd2
Be7 9. Be2 O-O 10. O-O e5 11. Bh2 e4 12. Ng5 Qc6 13. Bb5 Qb6 14. Ngxe4 d5 15.
Nxf6+ Nxf6 16. dxc5 Bxc5 17. Nf3 Rd8 18. Rad1 Be6 19. Nd4 Bd6 20. Bxd6 Qxd6 21.
Be2 b6 22. Bf3 Rac8 23. Rfe1 Qe5 24. Qa4 Rd7 25. Nxe6 Qxe6 26. Rd4 Rcd8 27. Red1
h6 28. Bg4 Nxg4 29. Rxg4 Qe5 30. Rgd4 Rd6 31. Qxa7 Rg6 32. Qb7 Qg5 33. Rg4 Qf5
34. Rxg6 fxg6 35. Qxb6 Rf8 36. Rf1 g5 37. Qd4 h5 38. f3 Rf6 39. Rd1 Rd6 40. e4
Qg6 41. exd5 Rf6 42. Qe4 Qh6 43. d6 g4 44. d7 Rd6 45. Rxd6 Qxd6 46. Qe8+ Kh7 47.
d8=Q Qc5+ 0-1